000 00699nam a2200217Ii 4500
003 JO-AjNU
008 230605s9999||||xx |||||||||||||| ||und||
020 _a978-9953-13-738-4
040 _aJO-AjNU
_bara
_erda
_cJO-AjNU
041 _aara
050 1 4 _aPJ7505.5.A23.B34 2012
100 3 _aبكار، يوسف,
_eauthor
_945388
245 0 0 _aإحسان عباس معالم وصلات
250 _aط1
264 3 1 _aبيروت: دارصادر،2012
300 _a156ص
336 _atext
_btxt
_2rdacontent
337 _aunmediated
_bn
_2rdamedia
338 _avolume
_bnc
_2rdacarrier
650 4 _aالادب العربي-فلسطين-تاريخ ونقد-قرن 20-احسان عباس
_945389
999 _aA19670
_c23238
_d23238